|
|
|
|
| LEADER |
00000nab a2200000 a 4500 |
| 001 |
vtls001018995 |
| 003 |
SK-MaSNL |
| 005 |
20260304023311.0 |
| 008 |
040720e19970000xo 0 slo |
| 035 |
|
|
|a SN4932
|
| 040 |
|
|
|a SNSK
|b slo
|c SNSK
|e AACR2
|
| 041 |
0 |
|
|a slo
|
| 044 |
|
|
|a xo
|c SK
|
| 080 |
|
|
|a 271
|2 1981
|
| 100 |
1 |
|
|a Timko, Peter
|4 aut
|9 29900
|
| 245 |
1 |
0 |
|a Bodka za prázdninami
|
| 650 |
0 |
7 |
|a saleziáni
|2 SNSK
|9 29348
|
| 650 |
0 |
7 |
|a mariánske pútnické miesta
|2 SNKPH
|9 74757
|
| 651 |
|
7 |
|a Mariánska hora (Levočské vrchy, Slovensko : vrch)
|2 SNKPHgeo
|9 177653
|
| 651 |
|
7 |
|a Levoča (Slovensko)
|2 SNSK
|9 26696
|
| 773 |
0 |
8 |
|t Don Bosco dnes
|g Roč. 8, č.7 (1997), s. 28-29
|
| 852 |
|
|
|a ZVYKNI
|b KIS3GCP
|
| 999 |
|
|
|c 2615607
|d 2617537
|